MESTSKÁ KNIŽNICA GIRALTOVCE  - online katalóg 

Posledný bohém (Record no. 23506)

000 -NÁVESTIE
fixed length control field 01794cam a2200505 4500
001 - EVIDENČNÉ ČÍSLO ZÁZNAMU - Kontrolné číslo
control field vtls011994402
005 - DÁTUM A ČAS POSLEDNEJ TRANSAKCIE
control field 20221013131408.0
008 - ÚDAJE S PEVNOU DĹŽKOU – VŠEOBECNÉ INFORMÁCIE
fixed length control field 220509s2020 xo oc erh 000 1bslo
020 ## - MEDZINÁRODNÉ ŠTANDARDNÉ ČÍSLO KNIHY (ISBN)
Medzinárodné štandardné číslo knihy (ISBN) 9788055173238
Qualifying information (viazané)
035 ## - Iný štandardný identifikátor
Iný štandardný identifikátor urn:nbn:sk:snk-am00ggfw
035 ## - Iný štandardný identifikátor
Iný štandardný identifikátor urn:nbn:sk:snk-am3j78a
035 ## - Iný štandardný identifikátor
Iný štandardný identifikátor 69B7A8C6-02E4-457C-86F5-61FAEC4B2C17
040 ## - ZDROJ KATALOGIZÁCIE
Pôvodná katalogizujúca agentúra TTKJF
Jazyk katalogizácie slo
Prepisujúca agentúra TTKJF ‬
Konvencie popisu rda
041 0# - KÓD JAZYKA
Kód jazyka textu/zvukovej stopy alebo samostatných nápisov slo
044 ## - KÓD KRAJINY VYDAVATEĽA/PRODUCENTA
Kód krajiny MARC xo
Kód krajiny ISO SK
072 #7 - KÓD PREDMETOVEJ KATEGÓRIE
Kód predmetovej kategórie 929
Pododdiel kódu predmetovej kategórie Biografie
Zdroj konspekt
080 ## - ČÍSLO MEDZINÁRODNÉHO DESATINNÉHO TRIEDENIA (MDT)
Číslo Medzinárodného desatinného triedenia (MDT) 78.071.2-055.1
Identifikátor vydania 2011
080 ## - ČÍSLO MEDZINÁRODNÉHO DESATINNÉHO TRIEDENIA (MDT)
Číslo Medzinárodného desatinného triedenia (MDT) 78.03.011.26
Identifikátor vydania 2011
080 ## - ČÍSLO MEDZINÁRODNÉHO DESATINNÉHO TRIEDENIA (MDT)
Číslo Medzinárodného desatinného triedenia (MDT) (437.6)
Identifikátor vydania 2011
080 ## - ČÍSLO MEDZINÁRODNÉHO DESATINNÉHO TRIEDENIA (MDT)
Číslo Medzinárodného desatinného triedenia (MDT) (0:82-94)
Identifikátor vydania 2011
100 1# - OSOBNÉ MENÁ – VŠEOBECNÉ INFORMÁCIE
Osobné meno Lispuchová, Silvia,
Dátumy súvisiace s menom 1956-
Kód roly aut
-- 3743
245 10 - NÁZOV
Názov Posledný bohém
Údaj o zodpovednosti atď. Silvia Lispuchová, Alena Horváthová-Čisáriková ; fotografie: Dušan Kittler, Peter Procházka
264 #1 - VYDAVATEĽSKÉ ÚDAJE, DISTRIBÚCIA ATĎ. - RDA
Miesto publikovania, distribúcie atď. Bratislava
Názov vydavateľa, distibútora atď. Ikar, a.s.
Dátum publikovania, distribúcie atď. 2020
300 ## - FYZICKÝ POPIS
Rozsah 239 strán
Ďalšie fyzické detaily fotografie, portréty
Rozmery 21 cm
336 ## - TYP OBSAHU
Typ obsahu - termín text
Typ obsahu - kód txt
Zdroj rdacontent
337 ## - TYP MÉDIA
Typ média - termín bez média
Typ média - kód n
Zdroj rdamedia
338 ## - TYP NOSIČA
Typ nosiča - termín zväzok
Typ nosiča - kód nc
Zdroj rdacarrier
500 ## - VŠEOBECNÁ POZNÁMKA
Formátovaná poznámka o obsahu Obsahuje biografické údaje o autorkách na záložke prebalu publikácie
600 17 - PRIDANÝ VSTUP – PREDMET – OSOBNÉ MENO
Osobné meno Duchoň, Karol,
Dátumy súvisiace s menom 1950-1985
Zdroj hesla alebo termínu SNKMA
-- 3744
648 #7 - PRIDANÝ VSTUP – PREDMET – CHRONOLOGICKÝ TERMÍN
Chronologický termín 20. stor.
Zdroj hesla alebo termínu SNKPH
-- 2181
648 #7 - PRIDANÝ VSTUP – PREDMET – CHRONOLOGICKÝ TERMÍN
Chronologický termín 20th century
Zdroj hesla alebo termínu SNKPHeng
-- 2074
650 07 - PRIDANÝ VSTUP – PREDMET – TEMATICKÉ HESLO
Tematické heslo alebo geografický názov ako vstupný prvok speváci
Zdroj hesla alebo termínu SNKPH
-- 3745
650 07 - PRIDANÝ VSTUP – PREDMET – TEMATICKÉ HESLO
Tematické heslo alebo geografický názov ako vstupný prvok populárna hudba
Zdroj hesla alebo termínu SNKPH
-- 3733
650 07 - PRIDANÝ VSTUP – PREDMET – TEMATICKÉ HESLO
Tematické heslo alebo geografický názov ako vstupný prvok Singers
Zdroj hesla alebo termínu SNKPHeng
-- 3746
650 07 - PRIDANÝ VSTUP – PREDMET – TEMATICKÉ HESLO
Tematické heslo alebo geografický názov ako vstupný prvok pop-music
Zdroj hesla alebo termínu SNKPHeng
-- 3735
651 #7 - PRIDANÝ VSTUP – PREDMET – GEOGRAFICKÝ NÁZOV
Geografický názov Slovensko
Zdroj hesla alebo termínu SNKPHgeo
-- 1613
651 #7 - PRIDANÝ VSTUP – PREDMET – GEOGRAFICKÝ NÁZOV
Geografický názov Slovakia
Zdroj hesla alebo termínu SNKPHeng
-- 1614
655 #7 - INDEXAČNÝ TERMÍN – ŽÁNER/FORMA
Údaje o žánri/forme alebo termín, ktorý je prvok fazety autobiografické spomienky
Zdroj termínu SNKPH
-- 2024
655 #7 - INDEXAČNÝ TERMÍN – ŽÁNER/FORMA
Údaje o žánri/forme alebo termín, ktorý je prvok fazety Autobiographical novels
Zdroj termínu SNKPHeng
-- 1744
700 1# - PRIDANÝ VSTUP – OSOBNÉ MENO
Osobné meno Horváthová-Čisáriková, Alena
Kód roly aut
-- 3747
700 1# - PRIDANÝ VSTUP – OSOBNÉ MENO
Osobné meno Kittler, Dušan
Kód roly pht
-- 3748
700 1# - PRIDANÝ VSTUP – OSOBNÉ MENO
Osobné meno Procházka, Peter,
Dátumy súvisiace s menom 1952-
Kód roly pht
-- 3749
958 ## - Formálny deskriptor
Formálny deskriptor LX
958 ## - Formálny deskriptor
Formálny deskriptor BX
Holdings
Stav stiahnutia (Blokovanie) (Withrawn status) Stav straty Zdroj klasifikácie pre skladovanie Stav poškodenia (Damaged status) Nie pre výpožičky (Not for loan) Spôsob nadobudnutia (Collection code) Trvalé umiestnenie Aktuálne umiestnenie Dátum nadobudnutia Náklady, bežná kúpna cena Inventárne číslo (prírastkové číslo) Celkom výpožičky Full call number Čiarový kód Dátum posledného výskytu Dátum poslednej výpôžičky Cena s účinnosťou od Typ jednotky Koha
          Kúpa Mestská knižnica Giraltovce Mestská knižnica Giraltovce 2022-10-13 3.00 21837 1 B10620 B10620 2025-02-10 2024-09-20 2022-10-13 Krásna literatúra pre dospelých

Powered by Koha